LEADER 00881cam0 2200241 450 001 E600200029979 005 20201111075856.0 100 $a20071004d1931 |||||ita|0103 ba 101 $aita 102 $aIT 200 1 $aStoria interna di Roma e governo d'Italia e delle province$edalle guerre puniche alla rivoluzione Graccana$fEttore Pais 210 $aTorino$cUTET$d1931 215 $aVIII, 481 p., [4] c. di tav.$cill.$d26 cm 700 1$aPais$b, Ettore$3A600200043561$4070$0137588 801 0$aIT$bUNISOB$c20201111$gRICA 850 $aUNISOB 852 $aUNISOB$j900$m6079 912 $aE600200029979 940 $aM 102 Monografia moderna SBN 941 $aM 957 $a900$b002935$gSi$d6079$racquisto$1pregresso2$2UNISOB$3UNISOB$420071004093807.0$520201102114012.0$6Alfano 996 $aStoria interna di Roma e governo d'Italia e delle Province$91688609 997 $aUNISOB